Star Wars, Episode VIII - Prologue - Statistiques

Statistiques générales
  • Ce quiz a été pris 30 fois
  • Le résultat moyen est 29 sur 81
Statistiques - réponses
Prologue % Correct
la
78%
la
78%
la
78%
la
78%
la
78%
la
78%
la
78%
Le
78%
le
78%
le
78%
le
78%
le
78%
à
67%
de
67%
de
67%
galaxie.
67%
Luke
67%
ORDRE
67%
Ordre
67%
PREMIER
67%
Premier
67%
Skywalker
67%
Jedi
56%
Leia
56%
les
56%
les
56%
Organa
56%
RESISTANCE
56%
Résistance
56%
une
56%
une
56%
générale
44%
Snoke
44%
au
33%
et
33%
que
33%
que
33%
rebelle,
33%
règne.
33%
sur
33%
avoir
22%
base
22%
désespérée.
22%
évasion
22%
Leader
22%
Maître
22%
pour
22%
pour
22%
République,
22%
ses
22%
tentent
22%
combat.
11%
contrôle
11%
décimé
11%
déploie
11%
d'espoir
11%
étincelle
11%
légions
11%
maintenant
11%
Mais
11%
militaire
11%
prendre
11%
redonner
11%
s'est
11%
Seule
11%
Suprême
11%
Tandis
11%
tyrannie
11%
Après
0%
chasseurs
0%
convaincus
0%
courageux
0%
fond
0%
héros
0%
impitoyables
0%
laissé
0%
naissante,
0%
pacifique
0%
reviendra
0%
s'opposent
0%
surprendre.
0%
Aucun quiz correspondant
Distribution des résultats
% des personnes avec chaque résultat
Percentile par nombre de réponses
Votre historique - résultats
Vous n’avez pas pris ce quiz